000 01105nam a2200193Ii 4500
003 JO-AjNU
008 230605s9999||||xx |||||||||||||| ||und||
040 _aJO-AjNU
_bara
_erda
_cJO-AjNU
041 _aara
050 1 4 _aPN4748 2012
100 3 _aالمنظمة العربية للتنمية الإدارية,
_eauthor
_934445
245 0 0 _aدور الإعلام وتكنولوجيا المعلومات في دعم الديمقراطية وحرية التعبير: بحوث وأوراق عمل ملتقى دور الإعلام وتكنولوجيا المعلومات في دعم الديمقراطية وحرية التعبير والرأي (تجارب عربية) كوالالمبور - ماليزيا ، سبتمبر 2011
264 3 1 _aالقاهرة: المنظمة العربية للتنمية الإدارية، 2012
300 _a211ص
336 _atext
_btxt
_2rdacontent
337 _aunmediated
_bn
_2rdamedia
338 _avolume
_bnc
_2rdacarrier
650 4 _aالإعلام وتكنولوجيا المعلومات -دعم الديمقراطية - حرية تعبير - ملتقى
_934446
999 _aA14125
_c17693
_d17693